• 首页
  • 本馆介绍
  • 公告通知
  • 最新文献
  • 馆藏检索
  • 电子资源
  • 读者导购
  • 参考咨询
  • 我的图书馆
  • 登录
  • 详细信息显示
  • 放入我的书架
  • 预约/预借图书
  • 作者相关作品
  • 分类相关作品
  • 丛书相关作品
  • 出版社相关作品

书目信息

  • 表格格式
  • 工作单格式
  • 卡片格式
题名:
创新思维训练
    
 
作者: 梁良良 主编
分册:  
出版信息: 北京   中央编译出版社  2000.05
页数: 377页
开本: 20cm
丛书名:
单 册:
中图分类: B804.4
科图分类:
主题词: 思维科学 , 创造性思维--研究
电子资源:
ISBN: 7-80109-385-2
000 00567nam0 2200205 45
001 0204231004
005 20040420145227.2
010    @a7-80109-385-2@dCNY22.00
100    @a20020423d2000 km y0chiy0120 ea
101 0  @achi
105    @a z 000yy
200 1  @a创新思维训练@AChuang Xin Si Wei Xun Lian@f梁良良主编@FLiang Liang Liang Zhu Bian
210    @a北京@c中央编译出版社@d2000.05
215    @a377页@d20cm
606 0  @a思维科学
606 0  @a创造性思维@x研究
690    @aB804.4@v4
701    @a梁良良@4主编
801    @aCN@bTSTC@c20020423
905    @dB804.4@e11
    
    创新思维训练/梁良良主编.-北京:中央编译出版社,2000.05
    377页;20cm
    
    
    ISBN 7-80109-385-2:CNY22.00
    
●
相关链接 在E读中查询图书 在五车中查询图书 在当当中查询图书 在豆瓣中查询图书


正题名:创新思维训练     索取号:B804.4/11         预约/预借

序号 登录号 条形码 馆藏地/架位号 状态 备注
1 0309060   203090608   第一借阅区/ [索取号:B804.4/11] 在馆    
2 0309061   203090617   第一借阅区/ [索取号:B804.4/11] 在馆    
3 0309062   203090626   第一借阅区/ [索取号:B804.4/11] 在馆    
4 0309063   203090635   第一借阅区/ [索取号:B804.4/11] 在馆    
5 0309064   203090644   第一样本阅览室/ [索取号:B804.4/11] 在馆    
唐山师范学院图书馆 欢迎您!
大连网信软件有限公司© 版权所有